|
|
|
|
| LEADER |
00000nam a2200000 a 4500 |
| 001 |
vtls009301356 |
| 003 |
SK-MaSNL |
| 005 |
20260301210747.0 |
| 008 |
180619s2008 xo o f 000 0 slo |
| 015 |
|
|
|a SNBA2008/05-02366
|
| 020 |
|
|
|a 9788080835682
|q (brož.)
|
| 035 |
|
|
|a 0DE1385F-A91B-41AA-9710-F13A5363ACDA
|
| 035 |
|
|
|a urn:nbn:sk:snk-amk5qw
|
| 035 |
|
|
|a urn:nbn:sk:snk-am0048w6
|
| 040 |
|
|
|a SNK
|b slo
|c SNK
|e AACR2
|
| 041 |
0 |
|
|a slo
|a pol
|
| 044 |
|
|
|a xo
|c SK
|
| 072 |
|
7 |
|a 80
|x Filológia
|2 konspekt
|
| 080 |
|
|
|a 80(=162.1)+908(438
|2 2001
|
| 080 |
|
|
|a (082)
|2 2001
|
| 245 |
0 |
0 |
|a 10 rokov polonistiky na Univerzite Mateja Bela v Banskej Bystrici
|c [zostavila: Anita Račáková]
|
| 250 |
|
|
|a 1. vyd.
|
| 260 |
|
|
|a Banská Bystrica
|b Univerzita Mateja Bela
|c 2008
|
| 300 |
|
|
|a 81 s.
|b fotogr.
|c 21 cm
|
| 366 |
|
|
|e 100 výtl.
|
| 490 |
1 |
|
|a Eruditio mores futurum
|
| 500 |
|
|
|a Zozn.
|
| 546 |
|
|
|a Text aj poľ.
|
| 610 |
2 |
7 |
|a Univerzita Mateja Bela v Banskej Bystrici
|2 SNKPH
|9 166817
|
| 648 |
|
7 |
|a 1998-2008
|2 SNKPH
|9 341630
|
| 650 |
0 |
7 |
|a polonistika
|2 SNKPH
|9 24453
|
| 655 |
|
7 |
|a zborníky
|2 SNKPH
|9 70165
|
| 700 |
1 |
|
|a Račáková, Anita,
|d 1973-
|4 com
|9 253897
|
| 810 |
2 |
|
|a Univerzita Mateja Bela v Banskej Bystrici.
|b Fakulta humanitných vied
|t Eruditio mores futurum
|9 310049
|
| 830 |
|
0 |
|a Eruditio mores futurum
|9 70947
|
| 919 |
|
|
|a 978-80-8083-568-2
|
| 958 |
|
|
|a LX
|
| 958 |
|
|
|a OND
|
| 968 |
|
|
|d 80
|
| 999 |
|
|
|c 914739
|d 916669
|
| 952 |
|
|
|a SNK
|b SNK
|y PREZ
|7 0
|p 17A0590490
|o snkSC 132176
|i snk2008/11905
|8 0
|0 0
|1 0
|4 0
|d 2008-06-05
|f 1
|l 0
|r 2025-06-23 00:00:00
|w 2026-02-24
|
| 952 |
|
|
|a SNK
|b SNK
|y VYP
|7 0
|p 17A0590491
|o snkSC 132176 D1
|i snk2008/11906
|8 0
|0 0
|1 0
|4 0
|d 2008-06-05
|l 0
|r 2026-02-24 07:56:06
|w 2026-02-24
|